02054nam a2200265 u 4500001000800000005001700008008004100025020001800066035001200084040001300096041000800109082000800117100002700125245004400152246003700196260004200233300003500275500008800310520118200398650002801580650004501608650003601653700003101689700006801720139260820260508085652.0141119e20131119 spa  a9786071126115 a1392608 ccomduadb aspa 4a74110aRoman, Kelly4auteaut13aEl arte de la guerra : novela gráfica1 aThe art of war. A graphic novel. aMéxico :bEditorial Aguilar,c2013. a346 páginas :bilustraciones aGENERAL : Basada en la obra de Sun Tzu en versión (traducción) de Lionel Giles.3 aUna novela gráfica imponente y atrevida que utiliza los principios claves de la obra clásica de Sun Tzu para armar un thriller futurista y revolucionario en el que Wall Street está militarizado y China es la primera potencia económica del mundo. Kelly Roman estuvo en prisión por un terrorífico incidente de fuego amigo. Una vez libre descubre que su hermano ha uerto mientras trabajaba para Sun Tzu, una estratega despiadado que dirige el imperio financiero global de China. Desde el apocalíptico tercer mundo de los suburbios de Ohio, Kelly se adentra en Manhattan —una Gomorra futurista— para infiltrarse en la organización de Sun Tzu y averiguar quién asesinó a su hermano y cuál fue el motivo. Con la ayuda de sus habilidades y de las mejoras genéticas que le fueron implantadas durante su paso por las fuerzas especiales, se enfrenta tanto a Sun Tzu como a su némesis, un monstruo biotécnológico conocido como El Príncipe. A lo largo de esta desgarradora aventura, Kelly documenta la sabiduría milenaria de Sun Tzu, que lo llevará a las más cruentas batallas y a las huidas más extremas en su cruzada de venganza y redención. 7aTáctica militar2lemb 7aTiras cómicas, historietas, etc.2lemb aNovela gráfica estadounidense10aDeWeese, Michael4illeill10aGiménez Imirizaldu, Darío,d1969-4trl0(viaf)91184063etrl